01273nam a2200313 a 4500001001200000003000800012006001900020007001500039008004100054010001700095020003800112020003900150020002700189040002100216035002100237050002600258082001600284245012600300260005500426300001100481500003200492504005100524533015200575650003900727655002900766700002100795710001700816856012600833ebr10503226CaPaEBRm u cr cn|||||||||110114s2011 wau sb 001 0 eng d z 2010054345 z9780295990996 (pbk. : alk. paper) z9780295990989 (cloth : alk. paper) z9780295801650 (e-book) aCaPaEBRcCaPaEBR a(OCoLC)75750934314aBH301.I53bI58 2011eb04a111/.8522200aInventions of the imaginationh[electronic resource] :bRomanticism and beyond /cedited by Richard T. Gray ... [et al.]. aSeattle :bUniversity of Washington Press,cc2011. a194 p. a"A Robert B. Heilman Book." aIncludes bibliographical references and index. aElectronic reproduction.bPalo Alto, Calif. :cebrary,d2011.nAvailable via World Wide Web.nAccess may be limited to ebrary affiliated libraries. 0aImagination (Philosophy)xHistory. 7aElectronic books.2local1 aGray, Richard T.2 aebrary, Inc.40uhttp://site.ebrary.com/lib/rucke/Doc?id=10503226zAn electronic book accessible through the World Wide Web; click to view